{"text_format":"3","workbook":"xlsx","n_sheets":1,"sheets":["给、排水"],"not_rendered":{"defined_names":1},"read":"whole","date_system":"1900"}

{"sheet":"给、排水","index":0,"n_rows":113,"n_cols":10,"rows_kept":113,"merged":[[0,0,0,9],[1,0,3,0],[1,1,3,1],[1,2,3,2],[1,3,3,3],[1,4,3,4],[1,5,1,9],[2,5,3,5],[2,6,3,6],[2,7,3,7],[2,8,3,8],[2,9,3,9],[111,0,111,4],[112,0,116,9]]}
["2023年“P”项目给排水及光亮工程清单报价表",null,"","","","","",null,null,""]
["序号","项目名称","项目特征描述","计量\r\n单位","工程量","金额（元）","",null,null,""]
[null,"","","","","全费用单价限价","合价","班组所报单价","合价","备注"]
[null,"","","",""]
[null,null,"一、土石方工程"]
[1,"沟槽、基坑土石方开挖","1.基础类型：综合考虑\n2.挖土深度：综合                                                                                                                                        3.土石方比例：综合考虑\n4.挖土方式：由投标人自行考虑，包含在投标报价中。\n5.场内转运：由投标人自行考虑，包含在投标报价中。\n6.投标人应对施工现场及周边条件进行仔细勘察，充分考虑各种因素，综合报价。\n7.基槽、坑临边防护及裸土覆盖由投标人按相关规范执行，费用包含在报价中（防尘网材料甲供）                                         8.工程量计算方式：按现场收方计量（不超过定额计算规则方量）。","m³",30000,15,{"$f":"E6*F6","v":450000}]
[2,"沟槽、基坑土石方回填","1.回填材料：现场土方\n2.回填深度：综合\n3.回填方式：由投标人自行考虑，包含在投标报价中。\n4.场内转运：由投标人自行考虑，包含在投标报价中。\n5.投标人应对施工现场及周边条件进行仔细勘察，充分考虑各种因素，综合报价。\n6.回填打夯后的碾压密实度应达到设计和规范要求。                                                                                                  7.基槽、坑临边防护及裸土覆盖由投标人按相关规范执行，费用包含在报价中（防尘网材料甲供）                                                                                                                                                                ","m³",20000,5,{"$f":"E7*F7","v":100000}]
[3,"管道砂垫层、基础","1.材料：砂垫层\n2.厚度及材质要求：详设计施工图\n3.材料运输方式及运距：投标人自行确定\n4.采用的机械种类及方式：投标人自行确定\n5.做法：详设计，满足现行施工技术、质量验收规范要求                                                                                                              6.材料场内运输、转运费用投标人综合考虑，包含在单价中                                                                                                      7.投标人应对施工现场及周边条件进行仔细勘察，充分考虑各种因素，综合报价。                                                                                    8.工程量计算方式：根据设计现场收方计量。                                   ","m³",1000,155,155000]
[4,"管道砂石包封","1.材料：砂石包封\n2.厚度及材质要求：详设计施工图\n3.材料运输方式及运距：投标人自行确定\n4.采用的机械种类及方式：投标人自行确定\n5.做法：详设计，满足现行施工技术、质量验收规范要求                                                                                                              6.材料场内运输、转运费用投标人综合考虑，包含在单价中                                                                                                      7.投标人应对施工现场及周边条件进行仔细勘察，充分考虑各种因素，综合报价。                                                                                     8.工程量计算方式：根据设计现场收方计量。                                     ","m³",3000,155,465000]
[null,null,"二、排水工程"]
[5,"HDPE双壁波纹管安装 D200","1.名称：HDPE双壁波纹管排水管道安装（管道甲供）\n2.安装方式：承插\n3.管材规格： HDPE双壁波纹管 N8\n4.深度：综合\n5.管道接口处理：满足设计和施工验收规范要求\n6.闭水试验：满足设计和施工验收规范要求，费用由投标人承担\n7.做法：详设计；满足现行施工技术、质量验收规范要求                                                                                                                         8.材料场内运输、转运费用投标人综合考虑，包含在单价中                                                                                                    9.投标人应对施工现场及周边条件进行仔细勘察，充分考虑各种因素，综合报价。 ","m",40,9,360]
[6,"HDPE双壁波纹排水管道安装 DN400/DN500","1.名称：HDPE双壁波纹排水管道安装（管道甲供）\n2.安装方式：承插,相关人工、机械、辅材等相关费用均包含在报价内。\n3.管材规格： DN400/DN500 \n4.深度：综合\n5.管道接口处理：满足设计和施工验收规范要求\n6.闭水试验：满足设计和施工验收规范要求，费用由投标人承担\n7.做法：满足现行施工技术、质量验收规范要求                                                                                                                         8.材料场内运输、转运费用投标人综合考虑，包含在单价中                                                                                                    9.投标人应对施工现场及周边条件进行仔细勘察，充分考虑各种因素，综合报价。 ","m",105,13,1365]
[7,"钢筋砼排水管道安装 D1400/D1500","1.名称：钢筋砼排水管道安装（管道甲供）\n2.安装方式：承插\n3.管材规格： D1400/D1500 Ⅲ级管\n4.深度：综合\n5.管道接口处理：满足设计和施工验收规范要求\n6.闭水试验：满足设计和施工验收规范要求，费用由投标人承担\n7.做法：详设计，满足现行施工技术、质量验收规范要求                                                                                                                         8.材料场内运输、转运费用投标人综合考虑，包含在单价中                                                                                                    9.投标人应对施工现场及周边条件进行仔细勘察，充分考虑各种因素，综合报价。 ","m",500,90,45000]
[8,"钢筋砼水泥管道安装 D2000","1.名称：钢筋砼排水管道安装（管道甲供）\n2.安装方式：承插\n3.管材规格： D1500 Ⅲ级管\n4.深度：综合\n5.管道接口处理：满足设计和施工验收规范要求\n6.闭水试验：满足设计和施工验收规范要求，费用由投标人承担\n7.做法：详设计，满足现行施工技术、质量验收规范要求                                                                                                                         8.材料场内运输、转运费用投标人综合考虑，包含在单价中                                                                                                    9.投标人应对施工现场及周边条件进行仔细勘察，充分考虑各种因素，综合报价。 ","m",580,135,78300]
[9,"C15混凝土垫层","1.材料：C15商砼（砼甲供）                                                                                                                          2.厚度：综合，模板费用投标人综合考虑，包含在单价中                                                                3.浇筑方式：投标人综合考虑，不论采用天泵、地泵或其他浇筑方式，相关人工、机械等相关费用均包含在报价内。\n4.做法：详设计，满足现行施工技术、质量验收规范要求                                                                                                                         5.材料场内运输、转运费用投标人综合考虑，包含在单价中                                                                                                    6.投标人应对施工现场及周边条件进行仔细勘察，充分考虑各种因素，综合报价。","m³",20,60,1200]
[10,"C25混凝土检查井","1.材料：C25商砼（砼甲供）                                                                                                                          2.浇筑尺寸：详设计                                                               3.浇筑方式：投标人综合考虑，不论采用天泵、地泵或其他浇筑方式，相关人工、机械、辅材等相关费用均包含在报价内。\n4.做法：详设计，满足现行施工技术、质量验收规范要求                                                                                                                         5.材料场内运输、转运费用投标人综合考虑，包含在单价中                                                                                                    6.投标人应对施工现场及周边条件进行仔细勘察，充分考虑各种因素，综合报价。","m³",400,60,24000]
[11,"预制C25混凝土检查井盖板制安","1.材料：C25砼 （砼甲供）                                                                                                                         2.尺寸：详设计，模板费用投标人综合考虑，包含在单价中                                                                3.浇筑、安装方式：投标人综合考虑，不论采用天泵、地泵或其他浇筑方式和吊车吊装等，相关人工、机械、辅材等相关费用均包含在报价内。\n4.做法：详设计，满足现行施工技术、质量验收规范要求                                                                                                                         5.材料场内运输、转运费用投标人综合考虑，包含在单价中                                                                                                    6.投标人应对施工现场及周边条件进行仔细勘察，充分考虑各种因素，综合报价。","m³",16,150,2400]
[12,"700/800混凝土预制井筒安装","1.材料：钢筋砼预制井筒（井筒甲供）                                                                                                                          2.高度：0.4~0.5m                                                               3.安装方式：投标人综合考虑，不论采用何种安装方式，相关人工、机械、辅材等相关费用均包含在报价内。\n4.做法：详设计，满足现行施工技术、质量验收规范要求                                                                                                                         5.材料场内运输、转运费用投标人综合考虑，包含在单价中                                                                                                    6.投标人应对施工现场及周边条件进行仔细勘察，充分考虑各种因素，综合报价。","m",18,60,1080]
[13,"700/800井圈井盖安装","1.材料：高分子成品井圈、盖（详设计）                                                                                                                        2.安装位置：详设计                                                              3.安装方式：投标人综合考虑，不论采用何种安装方式，相关人工、机械、辅材等相关费用均包含在报价内。\n4.做法：详设计，满足现行施工技术、质量验收规范要求                                                                                                                         5.材料场内运输、转运费用投标人综合考虑，包含在单价中                                                                                                    6.投标人应对施工现场及周边条件进行仔细勘察，充分考虑各种因素，综合报价。","套",54,140,7560]
[14,"C30混凝土底板","1.材料：C30商砼（砼甲供）                                                                                                                          2.浇筑尺寸：详设计 ，模板费用投标人综合考虑，包含在单价中                                                               3.浇筑方式：投标人综合考虑，不论采用天泵、地泵或其他浇筑方式，相关人工、机械、辅材等相关费用均包含在报价内。\n4.做法：详设计，满足现行施工技术、质量验收规范要求                                                                                                                         5.材料场内运输、转运费用投标人综合考虑，包含在单价中                                                                                                    6.投标人应对施工现场及周边条件进行仔细勘察，充分考虑各种因素，综合报价。","m³",30,60,1800]
[15,"M7.5浆砌MU30块石","1.砌筑材料品种、强度等级：MU30块石，规格详设计； \n2.砂浆强度等级、配合比：M7.5干混砂浆砌筑；\n3.做法：详设计，满足现行施工技术、质量验收规范要求                                                                                                                         4.材料场内运输、转运费用投标人综合考虑，包含在单价中                                                                                                    5.投标人应对施工现场及周边条件进行仔细勘察，充分考虑各种因素，综合报价。","m³",150,450,67500]
[16,"预制、现浇构件钢筋","1.钢筋种类、规格：钢筋规格综合考虑；（钢筋甲供）\n2.制安尺寸：详设计；\n3.做法：详设计，满足现行施工技术、质量验收规范要求                                                                                                                         4.材料场内运输、转运费用投标人综合考虑，包含在单价中                                                                                                    5.投标人应对施工现场及周边条件进行仔细勘察，充分考虑各种因素，综合报价。","T",33.2,1300,43160]
[17,"井壁模板安、拆","1.支模高度：综合\n2.模板和超高模板类型：木模、组合钢模板、竹胶合板等综合\n3.支架材料：钢管、竹、木支架综合，断面尺寸、材质、工艺等符合设计和施工验收规范要求\n4.其他：单价已包括构件的拉杆费用和超高模板费用等，投标人自行综合考虑\n5.本项目投标人应根据施工经验,现场实际情况和企业自身情况综合报价,不论采用何种支模方式均按报价执行 ，拆模后砼表面观感达到清水模要求                                                                6.材料场内运输、转运费用已综合考虑在单价中","㎡",2480,60,148800]
[null,null,"三、给水工程"]
[18,"PE给水管DN100","1.材质及规格 ：PE聚乙烯给水管DN100（管材及管件甲供）\n3.连接形式 ：热熔连接，相关人工、机械、辅材等相关费用均包含在报价内\n4.铺设深度 ：详见设计\n5.管道检验及试验要求：按照《给水排水管道工程施工及验收规范》要求执行。所有给水管道安装完毕,均应严格按有关规范要求做管道试压试验并消毒。\n","m",6000,14,{"$f":"E25*F25","v":84000}]
[19,"PE给水管DN50","1.材质及规格 ：PE聚乙烯给水管DN50（管材及管件甲供）\n3.连接形式 ：热熔连接，相关人工、机械、辅材等相关费用均包含在报价内\n4.铺设深度 ：详见设计\n5.管道检验及试验要求：按照《给水排水管道工程施工及验收规范》要求执行。所有给水管道安装完毕,均应严格按有关规范要求做管道试压试验并消毒。\n","m",13500,9,121500]
[20,"PE给水管DN25","1.材质及规格 ：PE聚乙烯给水管DN25（管材及管件甲供）\n3.连接形式 ：热熔连接，相关人工、机械、辅材等相关费用均包含在报价内\n4.铺设深度 ：详见设计\n5.管道检验及试验要求：按照《给水排水管道工程施工及验收规范》要求执行。所有给水管道安装完毕,均应严格按有关规范要求做管道试压试验并消毒。\n","m",500,6.5,3250]
[21,"法兰蝶阀 DN100","1.材质及规格 ：蝶阀 DN100\n2.连接形式 ：详见设计，相关人工、机械、辅材等相关费用均包含在报价内\n3.铺设深度 ：详见设计\n4.检验及试验要求：按设计要求和相关施工、验收规范调试\n","套",6,260,1560]
[22,"法兰伸缩器 DN100","1.材质及规格 ：伸缩器 DN100\n2.连接形式 ：详见设计，相关人工、机械、辅材等相关费用均包含在报价内\n3.铺设深度 ：详见设计\n4.检验及试验要求：按设计要求和相关施工、验收规范调试\n","套",6,320,1920]
[23,"DN50转向蝶阀","1.材质及规格 ：DN50转向蝶阀 \n2.连接形式 ：详见设计，相关人工、机械、辅材等相关费用均包含在报价内\n3.铺设深度 ：详见设计\n5.检验及试验要求：按设计要求和相关施工、验收规范调试\n","套",4,180,720]
[24,"DN50排气阀","1.材质及规格 ：DN50排气阀\n2.连接形式 ：详见设计，相关人工、机械、辅材等相关费用均包含在报价内\n3.铺设深度 ：详见设计\n5.检验及试验要求：按设计要求和相关施工、验收规范调试\n","套",4,300,1200]
[25,"闸阀 DN50","1.材质及规格 ：闸阀 DN50\n2.连接形式 ：详见设计，相关人工、机械、辅材等相关费用均包含在报价内\n3.铺设深度 ：详见设计\n4.检验及试验要求：按设计要求和相关施工、验收规范调试\n","套",167,150,25050]
[26,"PGV201电磁阀+塑料阀门箱","1.材质及规格 ：PGV201电磁阀+塑料阀门箱\n2.连接形式 ：详见设计，相关人工、机械、辅材等相关费用均包含在报价内\n3.铺设深度 ：详见设计\n4.检验及试验要求：按设计要求和相关施工、验收规范调试\n","套",164,750,123000]
[27,"旋转喷头配SJ-712千秋架","1.材质及规格 ：旋转喷头配SJ-712千秋架\n2.连接形式 ：详见设计，相关人工、机械、辅材等相关费用均包含在报价内\n3.铺设深度 ：详见设计\n4.检验及试验要求：按设计要求和相关施工、验收规范调试\n","套",825,40,33000]
[28,"室外地面消火栓SS-100/65-1.0","1.安装方式：室外地上式，干管安装；\n2.型号、规格：SS-100/65-1.0 \n3.具体做法详设计；                                                       4.检验及试验要求：按照《给水排水管道工程施工及验收规范》要求执行。","套",1,420,420]
[29,"止回阀 DN50","1.材质及规格 ：止回阀 DN50\n2.连接形式 ：详见设计，相关人工、机械、辅材等相关费用均包含在报价内\n3.铺设深度 ：详见设计\n4.检验及试验要求：按设计要求和相关施工、验收规范调试\n","个",3,150,450]
[30,"软接头 DN50","1.材质及规格 ：伸缩节 DN50\n2.连接形式 ：详见设计，相关人工、机械、辅材等相关费用均包含在报价内\n3.铺设深度 ：详见设计\n4.检验及试验要求：按设计要求和相关施工、验收规范调试\n","个",3,80,240]
[31,"水表 DN50","1.材质及规格：水表DN50\n2.连接形式 ：详见设计，相关人工、机械、辅材等相关费用均包含在报价内\n3.铺设深度 ：详见设计\n4.检验及试验要求：按设计要求和相关施工、验收规范调试\n","个",3,200,600]
[32,"C15混凝土垫层","1.材料：C15商砼（砼甲供）                                                                                                                          2.厚度：综合，模板费用投标人综合考虑，包含在单价中                                                                3.浇筑方式：投标人综合考虑，不论采用天泵、地泵或其他浇筑方式，相关人工、机械等相关费用均包含在报价内。\n4.做法：详设计，满足现行施工技术、质量验收规范要求                                                                                                                         5.材料场内运输、转运费用投标人综合考虑，包含在单价中                                                                                                    6.投标人应对施工现场及周边条件进行仔细勘察，充分考虑各种因素，综合报价。","m³",8,60,{"$f":"E39*F39","v":480}]
[33,"砖砌检查井","1.砌筑材料品种、强度等级：MU10页岩标准砖； \n2.砂浆强度等级、配合比：M7.5干混砂浆砌筑；\n3.做法：详设计，满足现行施工技术、质量验收规范要求；                                                                                                                                                                                    4.砌筑脚手架由投标人综合考虑，包含在报价中，不再单独计费。                                                                                                                                                                                       5.材料场内运输、转运费用投标人综合考虑，包含在单价中                                                                                                                                                                                                       6.投标人应对施工现场及周边条件进行仔细勘察，充分考虑各种因素，综合报价。","m³",145,600,87000]
[34,"C25井圈砼浇筑","1.材料：C25商砼（砼甲供）                                                                                                                          2.厚度：综合，模板费用投标人综合考虑，包含在单价中                                                                3.浇筑方式：投标人综合考虑，不论采用天泵、地泵或其他浇筑方式，相关人工、机械等相关费用均包含在报价内。\n4.做法：详设计，满足现行施工技术、质量验收规范要求                                                                                                                         5.材料场内运输、转运费用投标人综合考虑，包含在单价中                                                                                                    6.投标人应对施工现场及周边条件进行仔细勘察，充分考虑各种因素，综合报价。","m³",5.5,80,440]
[35,"成品井圈、盖安装","1.材料：成品井圈、盖（井圈、盖甲供）                                                                                                                          2.安装位置：详设计                                                              3.安装方式：投标人综合考虑，不论采用何种安装方式，相关人工、机械、辅材等相关费用均包含在报价内。\n4.做法：详设计，满足现行施工技术、质量验收规范要求                                                                                                                         5.材料场内运输、转运费用投标人综合考虑，包含在单价中                                                                                                    6.投标人应对施工现场及周边条件进行仔细勘察，充分考虑各种因素，综合报价。","套",37,50,1850]
[36,"φ20钢筋爬梯","1.名称：井内钢质爬梯； \n2.爬梯材质：φ20钢筋（钢筋甲供）；\n3.做法技尺寸：详设计，满足现行施工技术、质量验收规范要求                                                                                                                         4.抹灰脚手架由投标人综合考虑，包含在报价中，不再单独计费。                                                                                                                                                                                       5.材料场内运输、转运费用投标人综合考虑，包含在单价中                                                                                                                                                                                                       5.投标人应对施工现场及周边条件进行仔细勘察，充分考虑各种因素，综合报价。","个",200,10,2000]
[37,"井内抹灰","1.抹灰基层：砖砌体； \n2.抹灰砂浆强度、厚度：1:2干混水泥砂浆，20mm厚；\n3.做法：详设计，满足现行施工技术、质量验收规范要求                                                                                                                         4.抹灰脚手架由投标人综合考虑，包含在报价中，不再单独计费。                                                                                                                                                                                       5.材料场内运输、转运费用投标人综合考虑，包含在单价中                                                                                                                                                                                                       6.投标人应对施工现场及周边条件进行仔细勘察，充分考虑各种因素，综合报价。","㎡",560,24,13440]
[38,"井圈砼模板","1.支模高度：综合\n2.模板和超高模板类型：木模、组合钢模板、竹胶合板等综合\n3.支架材料：钢管、竹、木支架综合，断面尺寸、材质、工艺等符合设计和施工验收规范要求\n4.其他：单价已包括构件的拉杆费用和超高模板费用等，投标人自行综合考虑\n5.本项目投标人应根据施工经验,现场实际情况和企业自身情况综合报价,不论采用何种支模方式均按报价执行 ，拆模后砼表面观感达到清水模要求                                                                9.材料场内运输、转运费用已综合考虑在单价中","㎡",45,60,2700]
[null,null,"四、光亮工程"]
[39,"PVC电线管安装φ50","1.名称、材质、规格：刚性塑料管PVCφ50（管材及管件甲供）                  2.连接形式 ：粘接，相关人工、机械、辅材等相关费用均包含在报价内\n3.铺设深度 ：详见设计\n4.具体做法：满足设计及现行施工技术、质量验收规范要求。\n","m",4100,3.2,{"$f":"E47*F47","v":13120}]
[40,"PVC电线管安装φ65","1.名称、材质、规格：刚性塑料管PVCφ65（管材及管件甲供）                  2.连接形式 ：粘接，相关人工、机械、辅材等相关费用均包含在报价内\n3.铺设深度 ：详见设计\n4.具体做法：满足设计及现行施工技术、质量验收规范要求。\n","m",1300,3.5,{"$f":"E48*F48","v":4550}]
[41,"PVC电线管安装φ80","1.名称、材质、规格：刚性塑料管PVCφ80（管材及管件甲供）                  2.连接形式 ：粘接，相关人工、机械、辅材等相关费用均包含在报价内\n3.铺设深度 ：详见设计\n4.具体做法：满足设计及现行施工技术、质量验收规范要求。\n","m",90,3.8,{"$f":"E49*F49","v":342}]
[42,"PVC电线管安装φ110","1.名称、材质、规格：刚性塑料管PVCφ100（管材及管件甲供）                  2.连接形式 ：粘接，相关人工、机械、辅材等相关费用均包含在报价内\n3.铺设深度 ：详见设计\n4.具体做法：满足设计及现行施工技术、质量验收规范要求。\n","m",3000,4.2,{"$f":"E50*F50","v":12600}]
[43,"PVC电线管安装φ160","1.名称、材质、规格：刚性塑料管PVCφ160（管材及管件甲供）                  2.连接形式 ：粘接，相关人工、机械、辅材等相关费用均包含在报价内\n3.铺设深度 ：详见设计\n4.具体做法：满足设计及现行施工技术、质量验收规范要求。\n","m",1800,4.6,{"$f":"E51*F51","v":8280}]
[44,"电线管安装φ15","1.名称、材质、规格：热镀锌钢管 φ15（管材及管件甲供）                  2.连接形式 ：焊接，相关人工、机械、辅材等相关费用均包含在报价内\n3.铺设深度 ：详见设计\n4.具体做法：满足设计及现行施工技术、质量验收规范要求。\n","m",1800,8,{"$f":"E52*F52","v":14400}]
[45,"电线管安装φ40","1.名称、材质、规格：热镀锌钢管 φ40（管材及管件甲供）                  2.连接形式 ：焊接，相关人工、机械、辅材等相关费用均包含在报价内\n3.铺设深度 ：详见设计\n4.具体做法：满足设计及现行施工技术、质量验收规范要求。\n","m",2300,11,25300]
[46,"电力电缆YJV-4*150+1*70","1.名称：电力电缆； \n2.型号、规格、材质：YJV-0.6/1KV-4*150+1*70（电缆及电缆头甲供）；\n3.敷设方式 ：穿管、埋地暗敷；\n4.具体做法：满足设计及现行施工技术、质量验收规范要求。\n5.检验及试验要求：按设计要求和相关施工、验收规范调试","m",500,18,9000]
[47,"电力电缆YJV-4*120+1*70","1.名称：电力电缆； \n2.型号、规格、材质：YJV-0.6/1KV-4*120+1*70（电缆及电缆头甲供）；\n3.敷设方式 ：穿管、埋地暗敷；\n4.具体做法：满足设计及现行施工技术、质量验收规范要求。\n5.检验及试验要求：按设计要求和相关施工、验收规范调试","m",100,16,1600]
[48,"电力电缆YJV-4*95+1*50","1.名称：电力电缆； \n2.型号、规格、材质：YJV-0.6/1KV-4*95+1*50（电缆及电缆头甲供）；\n3.敷设方式 ：穿管、埋地暗敷；\n4.具体做法：满足设计及现行施工技术、质量验收规范要求。\n5.检验及试验要求：按设计要求和相关施工、验收规范调试","m",1200,14,16800]
[49,"电力电缆YJV-4*50+1*25","1.名称：电力电缆； \n2.型号、规格、材质：YJV-0.6/1KV-4*50+1*25（电缆及电缆头甲供）；\n3.敷设方式 ：穿管、埋地暗敷；\n4.具体做法：满足设计及现行施工技术、质量验收规范要求。\n5.检验及试验要求：按设计要求和相关施工、验收规范调试","m",120,12,1440]
[50,"电力电缆YJV-4*35+1*16","1.名称：电力电缆； \n2.型号、规格、材质：YJV-0.6/1KV-4*35+1*16（电缆及电缆头甲供）；\n3.敷设方式 ：穿管、埋地暗敷；\n4.具体做法：满足设计及现行施工技术、质量验收规范要求。\n5.检验及试验要求：按设计要求和相关施工、验收规范调试","m",1400,12,16800]
[51,"电力电缆YJV-4*25+1*16","1.名称：电力电缆； \n2.型号、规格、材质：YJV-0.6/1KV-4*25+1*16（电缆及电缆头甲供）；\n3.敷设方式 ：穿管、埋地暗敷；\n4.具体做法：满足设计及现行施工技术、质量验收规范要求。\n5.检验及试验要求：按设计要求和相关施工、验收规范调试","m",4200,12,50400]
[52,"电力电缆YJV-5*16","1.名称：电力电缆； \n2.型号、规格、材质：YJV-0.6/1KV-5*16（电缆及电缆头甲供）；\n3.敷设方式 ：穿管、埋地暗敷；\n4.具体做法：满足设计及现行施工技术、质量验收规范要求。\n5.检验及试验要求：按设计要求和相关施工、验收规范调试","m",2200,12,26400]
[53,"电力电缆YJV-5*10","1.名称：电力电缆； \n2.型号、规格、材质：YJV-0.6/1KV-5*10（电缆及电缆头甲供）；\n3.敷设方式 ：穿管、埋地暗敷；\n4.具体做法：满足设计及现行施工技术、质量验收规范要求。\n5.检验及试验要求：按设计要求和相关施工、验收规范调试","m",3350,10,33500]
[54,"电力电缆YJV-5*6","1.名称：电力电缆； \n2.型号、规格、材质：YJV-0.6/1KV-5*6（电缆甲供）；\n3.敷设方式 ：穿管、埋地暗敷；\n4.具体做法：满足设计及现行施工技术、质量验收规范要求。\n5.检验及试验要求：按设计要求和相关施工、验收规范调试","m",4250,10,42500]
[55,"电力电缆YJV-3*25","1.名称：电力电缆； \n2.型号、规格、材质：YJV-0.6/1KV-3*25（电缆及电缆头甲供）；\n3.敷设方式 ：穿管、埋地暗敷；\n4.具体做法：满足设计及现行施工技术、质量验收规范要求。\n5.检验及试验要求：按设计要求和相关施工、验收规范调试","m",1400,9,12600]
[56,"电力电缆YJV-3*16","1.名称：电力电缆； \n2.型号、规格、材质：YJV-0.6/1KV-3*16（电缆及电缆头甲供）；\n3.敷设方式 ：穿管、埋地暗敷；\n4.具体做法：满足设计及现行施工技术、质量验收规范要求。\n5.检验及试验要求：按设计要求和相关施工、验收规范调试","m",650,9,5850]
[57,"电力电缆YJV-3*10","1.名称：电力电缆； \n2.型号、规格、材质：YJV-0.6/1KV-3*10（电缆甲供）；\n3.敷设方式 ：穿管、埋地暗敷；\n4.具体做法：满足设计及现行施工技术、质量验收规范要求。\n5.检验及试验要求：按设计要求和相关施工、验收规范调试","m",650,8,5200]
[58,"电力电缆YJV-3*6","1.名称：电力电缆； \n2.型号、规格、材质：YJV-0.6/1KV-3*6（电缆及电缆头甲供）；\n3.敷设方式 ：穿管、埋地暗敷；\n4.具体做法：满足设计及现行施工技术、质量验收规范要求。\n5.检验及试验要求：按设计要求和相关施工、验收规范调试","m",1400,7,9800]
[59,"电力电缆YJV-3*1.5","1.名称：电力电缆； \n2.型号、规格、材质：YJV-0.6/1KV-3*1.5（电缆甲供）；\n3.敷设方式 ：穿管暗敷；\n4.具体做法：满足设计及现行施工技术、质量验收规范要求。\n5.检验及试验要求：按设计要求和相关施工、验收规范调试","m",1800,4,7200]
[60,"18m投光灯及基础 ","1.名称：18m投光灯 \n2.型号、规格 ：3*200W/LED（灯具及预埋件甲供）\n3.灯具基础：详见施工图\n4.接地要求：详见施工图\n5.具体做法：基坑开挖、回填，基础钢筋制安，砼基础浇筑，预埋件安装，灯具安装、调试等相关内容，满足设计及现行施工技术、质量验收规范要求。\n6.检验及试验要求：按设计要求和相关施工、验收规范调试\n","套",2,700,1400]
[61,"8m运动场投光灯及基础","1.名称：8m运动场投光灯 \n2.型号、规格 ：4*200W/LED（灯具及预埋件甲供）\n3.灯具基础：详见施工图\n4.接地要求：详见施工图\n5.具体做法：基坑开挖、回填，基础钢筋制安，砼基础浇筑，预埋件安装，灯具安装、调试等相关内容，满足设计及现行施工技术、质量验收规范要求。\n6.检验及试验要求：按设计要求和相关施工、验收规范调试\n","套",8,400,{"$f":"E69*F69","v":3200}]
[62,"7m庭院灯及基础","1.名称：7m庭院灯 \n2.型号、规格 ：120W/LED（灯具及预埋件甲供）\n3.灯具基础：详见施工图\n4.接地要求：详见施工图\n5.具体做法：基坑开挖、回填，基础钢筋制安，砼基础浇筑，预埋件安装，灯具安装、调试等相关内容，满足设计及现行施工技术、质量验收规范要求。\n6.检验及试验要求：按设计要求和相关施工、验收规范调试\n","套",8,350,2800]
[63,"4m庭院灯及基础","1.名称：4m庭院灯 \n2.型号、规格 ：45W/LED（灯具及预埋件甲供）\n3.灯具基础：详见施工图\n4.接地要求：详见施工图\n5.具体做法：满足设计及现行施工技术、质量验收规范要求。\n6.检验及试验要求：按设计要求和相关施工、验收规范调试\n","套",225,240,54000]
[64,"投光灯及基础 50W","1.名称：投光灯 \n2.型号、规格 ：50W/LED（灯具及预埋件甲供）\n3.灯具基础：详见施工图\n4.接地要求：详见施工图\n5.具体做法：基坑开挖、回填，基础钢筋制安，砼基础浇筑，预埋件安装，灯具安装、调试等相关内容，满足设计及现行施工技术、质量验收规范要求。\n6.检验及试验要求：按设计要求和相关施工、验收规范调试\n","套",42,50,2100]
[65,"护栏灯 8W","1.名称：护栏灯 \n2.型号、规格 ：8W/LED（灯具甲供）\n3.灯具基础：详见施工图\n4.接地要求：详见施工图\n5.具体做法：满足设计及现行施工技术、质量验收规范要求。\n6.检验及试验要求：按设计要求和相关施工、验收规范调试\n","套",1200,10,12000]
[66,"点光源 6W","1.名称：点光源 \n2.型号、规格 ：6W/LED（灯具甲供）\n3.灯具基础：详见施工图\n4.接地要求：详见施工图\n5.具体做法：满足设计及现行施工技术、质量验收规范要求。\n6.检验及试验要求：按设计要求和相关施工、验收规范调试\n","套",300,10,3000]
[67,"洗墙灯 12W/m","1.名称：洗墙灯  \n2.型号、规格 ：LED 12W/m（灯具甲供）\n3.灯具基础：详见施工图\n4.接地要求：详见施工图\n5.具体做法：满足设计及现行施工技术、质量验收规范要求。\n6.检验及试验要求：按设计要求和相关施工、验收规范调试\n","套",65,15,975]
[68,"LED灯条（带） 4W/m","1.名称：LED灯条（带）\n2.型号、规格 ：LED 4W/m（灯具甲供）\n3.灯具基础：详见施工图\n4.接地要求：详见施工图\n5.具体做法：满足设计及现行施工技术、质量验收规范要求。\n6.检验及试验要求：按设计要求和相关施工、验收规范调试\n","m",1200,7,8400]
[69,"24V开关电源","1.名称：LED灯条（带）及洗墙灯24V开关电源\n2.型号、规格 ：24V开关电源（灯具甲供）\n3.灯具基础：详见施工图\n4.接地要求：详见施工图\n5.具体做法：满足设计及现行施工技术、质量验收规范要求。\n7.检验及试验要求：按设计要求和相关施工、验收规范调试\n","套",20,15,300]
[70,"强电手孔井","1.砌筑材料品种、规格、强度等级：MU10标准砖；\n2.砂浆强度等级、配合比：M5水泥砂浆砌筑； \n3.盖板材质、规格：高分子井盖                                            4.净空尺寸：1200*900，详见设计 \n5.其余做法：满足设计及现行施工技术、质量验收规范要求\n","套",70,850,59500]
[71,"户外弱电控制柜","1.名称：户外弱电控制柜（配电箱甲供）\n2.型号、规格 ：规格综合； \n3.包含工作内容：配电箱基础、接地、配电箱安装涉及的所有工作。\n4.基础形式、材质、规格：详设计\n5.接线端子材质、规格：详设计 \n6.其余做法：满足设计及现行施工技术、质量验收规范要求\n","台",4,320,1280]
[72,"景观照明控制箱","1.名称：景观照明配电箱（配电箱甲供）\n2.型号、规格 ：规格综合； \n3.包含工作内容：配电箱基础、接地、配电箱安装涉及的所有工作。\n4.基础形式、材质、规格：详设计\n5.接线端子材质、规格：详设计 \n6.其余做法：满足设计及现行施工技术、质量验收规范要求\n","台",8,450,3600]
[73,"涵洞亮化控制箱","1.名称：景观照明配电箱（配电箱甲供）\n2.型号、规格 ：规格综合； \n3.包含工作内容：配电箱基础、接地、配电箱安装涉及的所有工作。\n4.基础形式、材质、规格：详设计\n5.接线端子材质、规格：详设计 \n6.其余做法：满足设计及现行施工技术、质量验收规范要求\n","台",1,400,400]
[74,"LED显示屏控制箱","1.名称：景观照明配电箱（配电箱甲供）\n2.型号、规格 ：规格综合； \n3.包含工作内容：配电箱基础、接地、配电箱安装涉及的所有工作。\n4.基础形式、材质、规格：详设计\n5.接线端子材质、规格：详设计 \n6.其余做法：满足设计及现行施工技术、质量验收规范要求\n","台",1,300,300]
[75,"动力总箱","1.名称：景观照明配电箱（配电箱甲供）\n2.型号、规格 ：规格综合； \n3.包含工作内容：配电箱基础、接地、配电箱安装涉及的所有工作。\n4.基础形式、材质、规格：详设计\n5.接线端子材质、规格：详设计 \n6.其余做法：满足设计及现行施工技术、质量验收规范要求\n","台",1,450,450]
[76,"充电桩控制箱","1.名称：景观照明配电箱（配电箱甲供）\n2.型号、规格 ：规格综合； \n3.包含工作内容：配电箱基础、接地、配电箱安装涉及的所有工作。\n4.基础形式、材质、规格：详设计\n5.接线端子材质、规格：详设计 \n6.其余做法：满足设计及现行施工技术、质量验收规范要求\n","台",2,400,800]
[77,"电梯配电箱","1.名称：景观照明配电箱（配电箱甲供）\n2.型号、规格 ：规格综合； \n3.包含工作内容：配电箱基础、接地、配电箱安装涉及的所有工作。\n4.基础形式、材质、规格：详设计\n5.接线端子材质、规格：详设计 \n6.其余做法：满足设计及现行施工技术、质量验收规范要求\n","台",4,400,1600]
[78,"海绵泵控制箱","1.名称：景观照明配电箱（配电箱甲供）\n2.型号、规格 ：规格综合； \n3.包含工作内容：配电箱基础、接地、配电箱安装涉及的所有工作。\n4.基础形式、材质、规格：详设计\n5.接线端子材质、规格：详设计 \n6.其余做法：满足设计及现行施工技术、质量验收规范要求\n","台",4,300,1200]
[79,"潜水泵控制箱","1.名称：景观照明配电箱（配电箱甲供）\n2.型号、规格 ：规格综合； \n3.包含工作内容：配电箱基础、接地、配电箱安装涉及的所有工作。\n4.基础形式、材质、规格：详设计\n5.接线端子材质、规格：详设计 \n6.其余做法：满足设计及现行施工技术、质量验收规范要求\n","台",3,300,900]
[80,"‘-40*4热镀锌扁钢接地","1.名称：配电箱接地\n2.型号、规格 ：-40*4热镀锌扁钢 \n3.工作内容：制作、安装、调试涉及的所有工作。\n4.制安方式：详设计\n5.其余做法：满足设计及现行施工技术、质量验收规范要求                                                                                                        6.相关检测费用由投标人承担\n","m",100,10,1000]
[81,"∟50*50*5热镀锌角钢接地","1.名称：接地角铁\n2.型号、规格 ：-40*4热镀锌扁钢 \n3.工作内容：制作、安装、调试涉及的所有工作。\n4.制安方式：详设计\n5.其余做法：满足设计及现行施工技术、质量验收规范要求                                                                                                        7.相关检测费用由投标人承担\n","m",50,26,1300]
[null,null,"四、弱电管网"]
[82,"弱电手孔井","1.砌筑材料品种、规格、强度等级：MU10标准砖；\n2.砂浆强度等级、配合比：M5水泥砂浆砌筑； \n3.盖板材质、规格：高分子井盖                                        4.净空尺寸：600*600，详见设计     \n5.其余做法：满足设计及现行施工技术、质量验收规范要求\n","套",71,450,{"$f":"E91*F91","v":31950}]
[83,"PVC电线管安装2~4孔UPVC","1.名称、材质、规格：2孔UPVC管（管材及管件甲供）                  2.连接形式 ：粘接，相关人工、机械、辅材等相关费用均包含在报价内\n3.铺设深度 ：详见设计\n5.具体做法：满足设计及现行施工技术、质量验收规范要求。\n","m",2200,3.8,{"$f":"E92*F92","v":8360}]
[84,"PVC电线管安装5~7孔UPVC","1.名称、材质、规格：4孔UPVCU管（管材及管件甲供）                  2.连接形式 ：粘接，相关人工、机械、辅材等相关费用均包含在报价内\n3.铺设深度 ：详见设计\n5.具体做法：满足设计及现行施工技术、质量验收规范要求。\n","m",2200,4.2,9240]
[85,"C15混凝土垫层、包封","1.材料：C15商砼（砼甲供）                                                                                                                          2.厚度：综合，模板费用投标人综合考虑，包含在单价中                                                                3.浇筑方式：投标人综合考虑，不论采用天泵、地泵或其他浇筑方式，相关人工、机械等相关费用均包含在报价内。\n4.做法：详设计，满足现行施工技术、质量验收规范要求                                                                                                                         5.材料场内运输、转运费用投标人综合考虑，包含在单价中                                                                                                    6.投标人应对施工现场及周边条件进行仔细勘察，充分考虑各种因素，综合报价。","m³",300,60,18000]
[86,"不锈钢线槽150*100","1.名称、材质、规格：不锈钢线槽150*100                    2.安装形式 ：沿涵洞顶贴墙安装，相关人工、机械、辅材等相关费用均包含在报价内\n3.具体做法：满足设计及现行施工技术、质量验收规范要求。\n","m",26,70,1820]
[null,null,"五、海绵蓄水池"]
[87,"砼垫层","1.材料：C15商砼（砼甲供）                                                                                                                          2.厚度：综合，模板费用投标人综合考虑，包含在单价中                                                                3.浇筑方式：投标人综合考虑，不论采用天泵、地泵或其他浇筑方式，相关人工、机械等相关费用均包含在报价内。\n4.做法：详设计，满足现行施工技术、质量验收规范要求                                                                                                                         5.材料场内运输、转运费用投标人综合考虑，包含在单价中                                                                                                    6.投标人应对施工现场及周边条件进行仔细勘察，充分考虑各种因素，综合报价。","m³",103,55,5665]
[88,"C25混凝土底板","1.材料：C25商砼（砼甲供）                                                                                                                          2.浇筑尺寸：详设计 ，模板费用投标人综合考虑，包含在单价中                                                               3.浇筑方式：投标人综合考虑，不论采用天泵、地泵或其他浇筑方式，相关人工、机械、辅材等相关费用均包含在报价内。\n4.做法：详设计，满足现行施工技术、质量验收规范要求                                                                                                                         5.材料场内运输、转运费用投标人综合考虑，包含在单价中                                                                                                    6.投标人应对施工现场及周边条件进行仔细勘察，充分考虑各种因素，综合报价。","m³",30,55,{"$f":"E98*F98","v":1650}]
[89,"异形柱","1.材料：C25商砼（砼甲供）                                                                                                                          2.浇筑尺寸：详设计                                                                3.浇筑方式：投标人综合考虑，不论采用天泵、地泵或其他浇筑方式，相关人工、机械、辅材等相关费用均包含在报价内。\n4.做法：详设计，满足现行施工技术、质量验收规范要求                                                                                                                         5.材料场内运输、转运费用投标人综合考虑，包含在单价中                                                                                                    7.投标人应对施工现场及周边条件进行仔细勘察，充分考虑各种因素，综合报价。","m³",3.5,55,192.5]
[90,"异形柱模板","1.支模高度：综合\n2.模板和超高模板类型：木模、组合钢模板、竹胶合板等综合\n3.支架材料：钢管、竹、木支架综合，断面尺寸、材质、工艺等符合设计和施工验收规范要求\n4.其他：单价已包括构件的拉杆费用和超高模板费用等，投标人自行综合考虑\n5.本项目投标人应根据施工经验,现场实际情况和企业自身情况综合报价,不论采用何种支模方式均按报价执行 ，拆模后砼表面观感达到清水模要求                                                                6.材料场内运输、转运费用已综合考虑在单价中","㎡",31,60,1860]
[91,"矩形梁、板、圈梁","1.材料：C25商砼（砼甲供）                                                                                                                          2.浇筑尺寸：详设计                                                                3.浇筑方式：投标人综合考虑，不论采用天泵、地泵或其他浇筑方式，相关人工、机械、辅材等相关费用均包含在报价内。\n4.做法：详设计，满足现行施工技术、质量验收规范要求                                                                                                                         5.材料场内运输、转运费用投标人综合考虑，包含在单价中                                                                                                    7.投标人应对施工现场及周边条件进行仔细勘察，充分考虑各种因素，综合报价。","m³",228,55,12540]
[92,"矩形梁、板、圈梁模板","1.支模高度：综合\n2.模板和超高模板类型：木模、组合钢模板、竹胶合板等综合\n3.支架材料：钢管、竹、木支架综合，断面尺寸、材质、工艺等符合设计和施工验收规范要求\n4.其他：单价已包括构件的拉杆费用和超高模板费用等，投标人自行综合考虑\n5.本项目投标人应根据施工经验,现场实际情况和企业自身情况综合报价,不论采用何种支模方式均按报价执行 ，拆模后砼表面观感达到清水模要求                                                                6.材料场内运输、转运费用已综合考虑在单价中","㎡",240,60,14400]
[93,"构造柱","1.材料：C25商砼（砼甲供）                                                                                                                          2.浇筑尺寸：详设计                                                                3.浇筑方式：投标人综合考虑，不论采用天泵、地泵或其他浇筑方式，相关人工、机械、辅材等相关费用均包含在报价内。\n4.做法：详设计，满足现行施工技术、质量验收规范要求                                                                                                                         5.材料场内运输、转运费用投标人综合考虑，包含在单价中                                                                                                    7.投标人应对施工现场及周边条件进行仔细勘察，充分考虑各种因素，综合报价。","m³",23,60,1380]
[94,"构造柱模板","1.支模高度：综合\n2.模板和超高模板类型：木模、组合钢模板、竹胶合板等综合\n3.支架材料：钢管、竹、木支架综合，断面尺寸、材质、工艺等符合设计和施工验收规范要求\n4.其他：单价已包括构件的拉杆费用和超高模板费用等，投标人自行综合考虑\n5.本项目投标人应根据施工经验,现场实际情况和企业自身情况综合报价,不论采用何种支模方式均按报价执行 ，拆模后砼表面观感达到清水模要求                                                                6.材料场内运输、转运费用已综合考虑在单价中","㎡",116,60,6960]
[95,"M7.5页岩标准砖砌体","1.砌筑材料品种、强度等级：MU10页岩标准砖； \n2.砂浆强度等级、配合比：M7.5干混砂浆砌筑；\n3.做法：详设计，满足现行施工技术、质量验收规范要求                                                                                                                         4.材料场内运输、转运费用投标人综合考虑，包含在单价中                                                                                                    5.投标人应对施工现场及周边条件进行仔细勘察，充分考虑各种因素，综合报价。                                                                                       6.脚手架费用投标人综合考虑，包含在报价中","m³",150,600,90000]
[96,"预制、现浇构件钢筋","1.钢筋种类、规格：钢筋规格综合考虑（钢筋甲供）；\n2.制安尺寸：详设计；\n3.做法：详设计，满足现行施工技术、质量验收规范要求                                                                                                                         4.材料场内运输、转运费用投标人综合考虑，包含在单价中                                                                                                    5.投标人应对施工现场及周边条件进行仔细勘察，充分考虑各种因素，综合报价。","T",48,1300,62400]
[97,"塑料检查井座","1.检查井材质、规格：HDPE井座\n2.检查井安装应在井底座中心定位后，将井底座置于井坑基础上，复核接管标高符合设计要求，并将其固定后方能接管安装，检查井施工具体做法详08SS523。\n3.综合单价含完成该工作所需的人工，材料（含主材、辅材、周转材料），机械费（含机械的进出场费），措施费（安全文明施工费、季节性施工、临时设施、夜间施工、二次搬运等）、规费、税金等所有相关费用。","座",24,260,6240]
[98,"塑料检查井井筒 φ700","1.检查井材质、规格 ：HDPE井筒 φ700\n2.连接方式：检查井与管道采用承插连接，所有连接管件与排水管道的连接，要求管内径平接不应有台阶；\n3.其余做法满足规范及验收要求\n4.综合单价含完成该工作所需的人工，材料（含主材、辅材、周转材料），机械费（含机械的进出场费），措施费（安全文明施工费、季节性施工、临时设施、夜间施工、二次搬运等）、规费、税金等所有相关费用。","m",80,230,18400]
[99,"塑料检查井井圈井盖  φ700","1.检查井材质、规格：HDPE种植井盖\n2.井盖安装：井盖安装前应复合井筒长度，切去多余部分，切割后的井筒顶面水平、平整。污水井盖与雨水井盖严格区分、不得混淆；井盖、承压圈和井筒轴心应对准，安装后将井周回填材料回填至设计要求的高度，检查井施工具体做法详16S524。\n3.综合单价含完成该工作所需的人工，材料（含主材、辅材、周转材料），机械费（含机械的进出场费），措施费（安全文明施工费、季节性施工、临时设施、夜间施工、二次搬运等）、规费、税金等所有相关费用。","套",24,140,3360]
[100,"预制C25混凝土检查井盖板制安","1.材料：C25砼（砼甲供）                                                                                                                         2.尺寸：详设计，模板费用投标人综合考虑，包含在单价中                                                                3.浇筑、安装方式：投标人综合考虑，不论采用天泵、地泵或其他浇筑方式和吊车吊装等，相关人工、机械、辅材等相关费用均包含在报价内。\n4.做法：详设计，满足现行施工技术、质量验收规范要求                                                                                                                         5.材料场内运输、转运费用投标人综合考虑，包含在单价中                                                                                                    6.投标人应对施工现场及周边条件进行仔细勘察，充分考虑各种因素，综合报价。","m³",2,150,300]
[101,"砂保护层","1.材料：砂垫层\n2.厚度及材质要求：详设计施工图\n3.材料运输方式及运距：投标人自行确定\n4.采用的机械种类及方式：投标人自行确定\n5.做法：详设计，满足现行施工技术、质量验收规范要求                                                                                                              6.材料场内运输、转运费用投标人综合考虑，包含在单价中                                                                                                      7.投标人应对施工现场及周边条件进行仔细勘察，充分考虑各种因素，综合报价。                                                                                    8.工程量计算方式：根据设计现场收方计量。                                   \n","m³",108,155,16740]
["合    计",null,"","","",null,{"$f":"SUM(G6:G111)","v":2886989.5},null,null,""]
["注：\n1.工程量计算规则：除项目特征单独说明外，均按2020年《四川省建设工程工程量清单计价定额》相关规定执行。\n2.投标人根据施工图、施工工艺、工序及国家现行规范、自行踏勘现场后综合考虑进行报价，结算时单价不作调整;\n3.全费用综合单价包含人工费、所有材料费（含辅材和周转材料费）、机械设备费、工具器具费、临时设施及措施费、大型机械进出场及场内转运费、下车费、吊装费、规费、管理费、配合费、安全文明施工费、以及各种风险费、保险费、施工过程中办理的各种手续费、降水费、排水费、各种检测费、利润、税费等完成该工作所需的全部费用，结算时无论涨跌、工程量增减或其它任何风险因素，均不作调整。                                                                                                                            \n4.现场安全环保文明施工管理要求：（1）由公司统一发放印有“兴绿园林”字样和LOGO的安全帽和反光背心，班组按实名制领取，使用完后交回项目部，否则按采购费用扣款，其余参照合同附件中安全环保管理协议执行。（2）现场雾炮机由甲方提供，投标单位需安排人员管理使用，人工费、油费及管理费用综合考虑到投标报价中，不单独计取。（3）防尘网由甲方提供，投标单位安排人员进行覆盖、回收、现场转移等，人工费综合考虑到投标报价中，不单独计取。\n5.该综合单价已包括垃圾外运费用，承包人自行综合考虑。\n6.施工中用电由投标人采用发电机发电，所用临时配电箱、用电线路、开关箱、机具等所有材料、设备及安装费用含在综合单价中。                                                                                                                                                                                                                        9.甲供材料下车费用和场内转运费用由投标人综合考虑，包含在报价内。                                                                                                        10.投标人对于甲供到场材料具有保管义务，遗失或损坏，应照价赔偿。     "]